000
00322nam a2200133Ia 4500
008
100328s9999 xx 000 0 und d
082
_b
1397
100
_a
Gunther Johu
245
_a
Inside Asia Uols (II)
260
_b
H.H London
630
_a
Inside Asia Uols (II)
730
_a
Inside Asia Uols (II)
942
_c
BOOK
999
_c
497673
_d
497670